000 00294nam a22001337a 4500
008 171010b xxu||||| |||| 00| 0 eng d
020 _a2900072885308
041 _aeng
080 _a316
100 _a50
101 _aSOC
245 _aTHE PRACTICAL SKEPTIC
_cMCINTYRE, L.J
942 _2udc
_cBK
999 _c32767
_d32767